=LDR 00000nam 2200000 4500 =001 INLIS000000000033006 =005 20130612135003 =008 ***********************************ind** =035 ##$$0010-061300000033006 =041 ##$$a ind =082 ##$$a 956.94 =090 ##$$a 956.94, For i =100 ##$$a Ford, Henry =245 ##$$a The International JEW, Membongkar Makar Dionime Internasional, Henry Ford;Penerjemah, Shalahuddin GZ =260 ##$$a 2009 $b Jakarta =300 ##$$a xxv,440 hlm, 21 cm =650 ##$$a Zionisme =700 ##$$a Shalahuddin GZ =850 ##$$a NBPNMAT =990 ##$$a 21197143/BPAP-NTB/2014 =990 ##$$a 21400613/BPAP-NTB/20142014 =990 ##$$a 0001/BPAP-NTB/20142014